| 000 | 00894nam a22003370a 4500 | ||
|---|---|---|---|
| 001 | PT31469 | ||
| 003 | AR-LpoUNG | ||
| 005 | 20260508115321.0 | ||
| 008 | 191001s2004||||ag |||||||||||||||||spa d | ||
| 020 |
_a9505233388 _c$11.20 |
||
| 040 |
_aAR-LpoUNG _bspa _cAR-LpoUNG _eaacr |
||
| 041 | _aspa | ||
| 044 | _aag | ||
| 082 | 0 | _aR302.23 333dic | |
| 100 | 1 | _aSchifer, Claudio | |
| 245 | 1 | 0 | _aDiccionario jurídico enclopédico de los medios de comunicación |
| 250 | _a1ra. ed. | ||
| 260 |
_aBuenos Aires : _bUniversitas, _c2004. |
||
| 300 |
_a370 p. : _bmapas |
||
| 650 | 4 | _aASPECTOS JURIDICOS | |
| 650 | 4 | _aDERECHO | |
| 650 | 4 | _aDICCIONARIOS | |
| 650 | 4 | _aJURISPRUDENCIA | |
| 650 | 4 | _aLEGISLACION | |
| 650 | 4 | _aMEDIOS DE COMUNICACION | |
| 650 | 4 | _aNORMAS | |
| 651 | 4 | _aDOCUMENTOS TEORICOS O METODOLOGICOS | |
| 700 | 1 | _aPorto, Ricardo | |
| 905 | _a31469 | ||
| 942 |
_cLSALA _2ddc |
||
| 999 |
_c15 _d15 |
||